<?xml version="1.0" encoding="UTF-8"?>
<record
    xmlns:xsi="http://www.w3.org/2001/XMLSchema-instance"
    xsi:schemaLocation="http://www.loc.gov/MARC21/slim http://www.loc.gov/standards/marcxml/schema/MARC21slim.xsd"
    xmlns="http://www.loc.gov/MARC21/slim">

  <leader>00603cam a22001691  4500</leader>
  <controlfield tag="001">e  10001648 </controlfield>
  <controlfield tag="003">DLC</controlfield>
  <controlfield tag="005">20260227111154.0</controlfield>
  <controlfield tag="008">780418s1875    it            00000 ita  </controlfield>
  <datafield tag="010" ind1=" " ind2=" ">
    <subfield code="a">e  10001648 //r78</subfield>
  </datafield>
  <datafield tag="040" ind1=" " ind2=" ">
    <subfield code="a">Library, U.S. Bur. of Education</subfield>
  </datafield>
  <datafield tag="100" ind1="1" ind2="0">
    <subfield code="a">Donati, Cesare,</subfield>
    <subfield code="d">1826-1913.</subfield>
  </datafield>
  <datafield tag="245" ind1="1" ind2="0">
    <subfield code="a">Foglie secche.</subfield>
    <subfield code="b">Racconti. La tabacchiera del nonno. La gegia del ponte. Novelle.  Una gamba rotta.--Un Figaro.--Il disertore.--Annella di Rosa.</subfield>
  </datafield>
  <datafield tag="250" ind1=" " ind2=" ">
    <subfield code="a">2. ed.</subfield>
  </datafield>
  <datafield tag="260" ind1="0" ind2=" ">
    <subfield code="a">Firenze,</subfield>
    <subfield code="b">Successori Le Monnier,</subfield>
    <subfield code="c">1875.</subfield>
  </datafield>
  <datafield tag="300" ind1=" " ind2=" ">
    <subfield code="a">1 p. l., iii p., 1 l., 418 p., 1 l.</subfield>
    <subfield code="c">18 cm.</subfield>
  </datafield>
  <datafield tag="999" ind1=" " ind2=" ">
    <subfield code="c">19048</subfield>
    <subfield code="d">19048</subfield>
  </datafield>
</record>
